<?xml version="1.0" encoding="UTF-8"?><record xmlns="http://www.loc.gov/MARC21/slim" xmlns:zs="http://docs.oasis-open.org/ns/search-ws/sruResponse">
  <leader>00607cz  a2200193n  4500</leader>
  <controlfield tag="001">n  80149358 </controlfield>
  <controlfield tag="003">DLC</controlfield>
  <controlfield tag="005">20150819053210.0</controlfield>
  <controlfield tag="008">801119n| azannaabn          |a aaa      </controlfield>
  <datafield ind1=" " ind2=" " tag="010">
    <subfield code="a">n  80149358 </subfield>
  </datafield>
  <datafield ind1=" " ind2=" " tag="035">
    <subfield code="a">(OCoLC)oca00529399</subfield>
  </datafield>
  <datafield ind1=" " ind2=" " tag="040">
    <subfield code="a">DLC</subfield>
    <subfield code="b">eng</subfield>
    <subfield code="e">rda</subfield>
    <subfield code="c">DLC</subfield>
    <subfield code="d">DLC</subfield>
    <subfield code="d">OCoLC</subfield>
    <subfield code="d">IEN</subfield>
    <subfield code="d">DLC</subfield>
  </datafield>
  <datafield ind1=" " ind2=" " tag="046">
    <subfield code="f">19161123</subfield>
    <subfield code="g">19851023</subfield>
  </datafield>
  <datafield ind1=" " ind2="0" tag="053">
    <subfield code="a">PG7158.H66</subfield>
    <subfield code="b">PG7158.H662</subfield>
  </datafield>
  <datafield ind1="1" ind2=" " tag="100">
    <subfield code="a">Hołuj, Tadeusz</subfield>
  </datafield>
  <datafield ind1="1" ind2=" " tag="400">
    <subfield code="a">Goluĭ, Tadeush</subfield>
  </datafield>
  <datafield ind1=" " ind2=" " tag="670">
    <subfield code="a">His Jutrzenka, 1956.</subfield>
  </datafield>
  <datafield ind1=" " ind2=" " tag="670">
    <subfield code="a">Info. converted from 678, 2012-10-02</subfield>
    <subfield code="b">(b. 1916)</subfield>
  </datafield>
  <datafield ind1=" " ind2=" " tag="670">
    <subfield code="a">Wikipedia, June 10, 2015:</subfield>
    <subfield code="b">(Tadeusz Hołuj; b. Nov. 23, 1916; d. Oct. 23, 1985)</subfield>
  </datafield>
</record>
